Mathematical tools for one-dimensional dynamics (Record no. 96)

MARC details
000 -LEADER
fixed length control field 00560 a2200181 4500
001 - CONTROL NUMBER
control field 002542
003 - CONTROL NUMBER IDENTIFIER
control field OSt
005 - DATE AND TIME OF LATEST TRANSACTION
control field 20220202113244.0
008 - FIXED-LENGTH DATA ELEMENTS--GENERAL INFORMATION
fixed length control field
082 ## - DEWEY DECIMAL CLASSIFICATION NUMBER
Classification number 531.11
Item number F22M
100 1# - MAIN ENTRY--PERSONAL NAME
Personal name Faria, Edson de
245 1# - TITLE STATEMENT
Title Mathematical tools for one-dimensional dynamics
Statement of responsibility, etc by Edson de Faria and Welington de Melo
260 ## - PUBLICATION, DISTRIBUTION, ETC. (IMPRINT)
Place of publication, distribution, etc New Delhi
Name of publisher, distributor, etc Cambridge University Press
Date of publication, distribution, etc 2008
300 ## - PHYSICAL DESCRIPTION
Extent 191p.
653 ## - INDEX TERM--UNCONTROLLED
Uncontrolled term Dynamics; Riemann surfaces; Holomorphic functions; Teichmüller spaces
700 ## - ADDED ENTRY--PERSONAL NAME
Personal name Melo, Welington de
942 ## - ADDED ENTRY ELEMENTS (KOHA)
Source of classification or shelving scheme Dewey Decimal Classification
Koha item type Books
Holdings
Withdrawn status Lost status Source of classification or shelving scheme Damaged status Not for loan Collection code Home library Current library Date acquired Source of acquisition Cost, normal purchase price Full call number Barcode Date last seen Price effective from Koha item type
    Dewey Decimal Classification     General Text Book Central University Of Rajasthan Central University Of Rajasthan 28/09/2010 MTH 395.00 531.11 F22M 2534 21/11/2024 02/09/2020 Books